[Event "Deutsche Frauen-Einzelmeisterschaft"]
[Site "Hockenheim/Germany"]
[Date "2009.08.28"]
[Round "7.9"]
[White "Kluge, Heidemarie"]
[Black "Birkholz, Mary"]
[Result "1/2-1/2"]
[WhiteElo "1952"]
[BlackElo "1976"]
[PlyCount "197"]
[EventDate "2009.??.??"]
[WhiteTeam "Spielgemeinschaft Schachfreunde"]
[BlackTeam "TS Bayreuth"]

1. d4 Nf6 2. Bf4 g6 3. e3 Bg7 4. Bd3 d6 5. Ne2 Nbd7 6. Nd2 e5 7. Bg3 O-O 8. c3
Re8 9. Rc1 Nf8 10. f3 c6 11. O-O h5 12. Bb1 Nd5 13. Bf2 Bh6 14. e4 Ne3 15. Bxe3
Bxe3+ 16. Kh1 Qg5 17. Rc2 Qf6 18. Nc4 Bh6 19. d5 cxd5 20. Qxd5 Rd8 21. Na5 Rb8
22. c4 Be6 23. Qd3 Nh7 24. Nc3 Rbc8 25. Nd5 Bxd5 26. exd5 Rc7 27. a3 Rdc8 28.
b4 Nf8 29. c5 Nd7 30. cxd6 Rxc2 31. Bxc2 Rb8 32. Qb5 Qxd6 33. Nc4 Qe7 34. d6
Qe6 35. Ba4 Nf8 36. Rd1 a6 37. Qb6 Qxc4 38. d7 Bg5 39. Qd6 Rd8 40. Qb6 Ne6 41.
Qxb7 Nc7 42. Bc6 Nb5 43. Qxa6 Nxa3 44. b5 Qe2 45. Ra1 Be7 46. h3 Nc2 47. Qa2
Nd4 48. Qxe2 Nxe2 49. Ra7 Bc5 50. Rb7 Nd4 51. g3 Kf8 52. Kg2 Ke7 53. Rc7 Kd6
54. Rc8 Bb6 55. g4 hxg4 56. hxg4 Bc7 57. b6 Bxb6 58. Ba4 Ne6 59. Rc6+ Kxd7 60.
Rxb6+ Ke7 61. Rb7+ Kf6 62. Rb6 Kg5 63. Rb2 Nf4+ 64. Kg3 Rh8 65. Rh2 Ra8 66. Bc6
Ra1 67. Be8 f5 68. gxf5 Nh5+ 69. Kf2 Ra2+ 70. Kg1 Rxh2 71. Kxh2 Kxf5 72. Kg1
Nf4 73. Bd7+ Kg5 74. Kf2 Nd5 75. Bc6 Ne7 76. Be4 Kf4 77. Bb7 g5 78. Ba8 Ng6 79.
Bb7 Nh4 80. Ba8 Nf5 81. Be4 Nd6 82. Bc6 Nc4 83. Ba8 Ne3 84. Bb7 Nd1+ 85. Ke2
Nc3+ 86. Kf2 Nb5 87. Ba8 Nd6 88. Bc6 e4 89. Bxe4 Nxe4+ 90. fxe4 Kxe4 91. Kg3
Kf5 92. Kf3 g4+ 93. Kg3 Kg5 94. Kg2 Kf4 95. Kf2 Kg5 96. Kg3 Kh5 97. Kg2 Kh4 98.
Kh2 g3+ 99. Kg2 1/2-1/2

[Event "Deutsche Frauen-Einzelmeisterschaft"]
[Site "Hockenheim/Germany"]
[Date "2009.08.28"]
[Round "7.10"]
[White "Gottschall, Ina"]
[Black "Willrodt, Sonja"]
[Result "0-1"]
[WhiteElo "1693"]
[BlackElo "1870"]
[PlyCount "40"]
[EventDate "2009.??.??"]
[WhiteTeam "USV TU Dresden"]
[BlackTeam "SK Doppelbauer Kiel"]

1. d4 d5 2. c4 e6 3. Nc3 Nf6 4. Bg5 Be7 5. e3 c6 6. cxd5 exd5 7. Nf3 O-O 8. Qb3
Nbd7 9. Bd3 h6 10. Bh4 Ne4 11. Bxe7 Qxe7 12. Bb1 Ndf6 13. Nd2 Nxf2 14. Nxd5
Nxd5 15. Kxf2 Re8 16. Re1 Qh4+ 17. Kf1 Qxh2 18. Nf3 Qg3 19. e4 Nf4 20. Qc2 Nxg2
0-1

[Event "Deutsche Frauen-Einzelmeisterschaft"]
[Site "Hockenheim/Germany"]
[Date "2009.08.28"]
[Round "7.11"]
[White "Noll, Sonja"]
[Black "Franzenburg, Maria"]
[Result "0-1"]
[WhiteElo "1963"]
[BlackElo "1803"]
[PlyCount "68"]
[EventDate "2009.??.??"]
[WhiteTeam "Saarbrücker Gambit 89 e.V."]
[BlackTeam "SK Doppelbauer Kiel"]

1. Nf3 c5 2. d4 cxd4 3. Nxd4 Nc6 4. e4 g6 5. f4 Bg7 6. e5 Qb6 7. Nb3 f6 8. Nc3
fxe5 9. Nd5 Qd8 10. f5 e6 11. fxe6 Qh4+ 12. Ke2 Qg4+ 13. Ke1 Qh4+ 14. Kd2 Bh6+
15. Kc3 Qd8 16. Qf3 dxe6 17. Bxh6 Nxh6 18. Nf6+ Kf7 19. Ne4+ Kg7 20. Rd1 Qe7
21. Nbc5 Nd4 22. Qg3 Qc7 23. Kd2 Nhf5 24. Qc3 b6 25. Nd3 Qd8 26. Kc1 Bb7 27.
Ng5 Qxg5+ 28. Kb1 Rac8 29. Qb4 Ne3 30. Nxe5 Nexc2 31. Qa4 Rc7 32. Nd3 Rhc8 33.
Nf2 Qf5 34. Rd2 Na3+ 0-1

[Event "Deutsche Frauen-Einzelmeisterschaft"]
[Site "Hockenheim/Germany"]
[Date "2009.08.29"]
[Round "8.1"]
[White "Zilberman, Polina"]
[Black "Vidonyak, Nellya"]
[Result "1/2-1/2"]
[WhiteElo "2191"]
[BlackElo "2187"]
[PlyCount "20"]
[EventDate "2009.??.??"]
[WhiteTeam "SK 1879 HD-Handschuhsheim"]
[BlackTeam "SV Hockenheim"]

1. d4 d6 2. e4 Nf6 3. Nc3 e5 4. dxe5 dxe5 5. Qxd8+ Kxd8 6. Bc4 Be6 7. Bxe6 fxe6
8. Nf3 Bd6 9. Bg5 a6 10. O-O-O Ke7 1/2-1/2

[Event "Deutsche Frauen-Einzelmeisterschaft"]
[Site "Hockenheim/Germany"]
[Date "2009.08.29"]
[Round "8.2"]
[White "Leveikina, Jevgenija"]
[Black "Von Herman, Brigitte"]
[Result "1/2-1/2"]
[WhiteElo "2042"]
[BlackElo "2104"]
[PlyCount "77"]
[EventDate "2009.??.??"]
[WhiteTeam "Schachklub Herne-Sodingen 1924"]
[BlackTeam "SK König Tegel 1949 e.V."]

1. d4 Nf6 2. Nf3 e6 3. g3 b5 4. Bg2 Bb7 5. c3 c5 6. O-O Na6 7. Nbd2 Be7 8. Re1
O-O 9. e4 cxd4 10. Nxd4 Qb6 11. Qe2 Nc7 12. e5 Nfe8 13. Ne4 f5 14. Ng5 Bxg2 15.
Kxg2 a6 16. Qh5 Bxg5 17. Bxg5 Nd5 18. Rad1 Rc8 19. Qe2 Rc4 20. Rd3 h6 21. Bd2
Qd8 22. h4 Qe7 23. h5 f4 24. b3 Rc8 25. gxf4 Nxf4+ 26. Bxf4 Rxf4 27. Rg3 Nc7
28. Qd2 Rcf8 29. f3 Kh8 30. Ne2 R4f5 31. Qd4 Rxh5 32. Nf4 Rxf4 33. Qxf4 Nd5 34.
Qd4 Qf7 35. Re4 g5 36. Rgg4 Nf4+ 37. Rexf4 gxf4 38. Rxf4 Rg5+ 39. Rg4 1/2-1/2

[Event "Deutsche Frauen-Einzelmeisterschaft"]
[Site "Hockenheim/Germany"]
[Date "2009.08.29"]
[Round "8.3"]
[White "Erben, Larissa"]
[Black "Kopylova, Ljubov"]
[Result "1-0"]
[WhiteElo "2073"]
[BlackElo "2196"]
[PlyCount "131"]
[EventDate "2009.??.??"]
[WhiteTeam "SV Stuttgart-Wolfbusch 1956 e.V."]
[BlackTeam "SK Doppelbauer Kiel"]

1. e4 c5 2. Nf3 d6 3. d4 cxd4 4. Nxd4 Nf6 5. Nc3 g6 6. Be3 Bg7 7. f3 O-O 8. Qd2
Nc6 9. O-O-O Nxd4 10. Bxd4 Be6 11. Kb1 Qc7 12. h4 Rfc8 13. h5 Qa5 14. hxg6 hxg6
15. a3 Rab8 16. Bd3 b5 17. Qg5 Bc4 18. Bxc4 Rxc4 19. Nd5 Rxd4 20. Rxd4 Nxd5 21.
Rxd5 Bf6 22. Qf4 Qc7 23. Qd2 a5 24. c3 b4 25. cxb4 axb4 26. axb4 Qc4 27. Rc1
Qb3 28. Rd3 Qa4 29. Ra3 Qxb4 30. Qxb4 Rxb4 31. Rc2 Bd4 32. Ka2 Bc5 33. Ra8+ Kg7
34. b3 Rd4 35. Ra4 Bb4 36. Kb2 Kf6 37. Rc4 Rxc4 38. bxc4 Bc5 39. Kc2 Ke5 40.
Kd3 Kf4 41. Ra2 Kg3 42. e5 f5 43. exf6 exf6 44. Ke4 f5+ 45. Kd5 g5 46. Ke6 Kf4
47. Rd2 g4 48. fxg4 fxg4 49. Rxd6 Bxd6 50. Kxd6 Kg3 51. c5 Kxg2 52. c6 Kf2 53.
c7 g3 54. c8=Q g2 55. Qf5+ Ke2 56. Qg4+ Kf2 57. Qf4+ Ke2 58. Qg3 Kf1 59. Qf3+
Kg1 60. Ke5 Kh2 61. Qf4+ Kh3 62. Qf2 Kh2 63. Kf4 Kh1 64. Qh4+ Kg1 65. Ke3 Kf1
66. Qf2# 1-0

[Event "Deutsche Frauen-Einzelmeisterschaft"]
[Site "Hockenheim/Germany"]
[Date "2009.08.29"]
[Round "8.4"]
[White "Storkebaum, Ulrike"]
[Black "Germann, Heike"]
[Result "0-1"]
[WhiteElo "1894"]
[BlackElo "2077"]
[PlyCount "142"]
[EventDate "2009.??.??"]
[WhiteTeam "SV 1920 Hofheim"]
[BlackTeam "SV Marzahna 57 e.V."]

1. e4 g6 2. d4 Bg7 3. Nf3 d6 4. Nc3 Nf6 5. h3 O-O 6. Be3 Nbd7 7. Bc4 e5 8. Qd2
c6 9. Bb3 b5 10. a3 Bb7 11. dxe5 Nxe5 12. Nxe5 dxe5 13. O-O Qc7 14. Rad1 Rfd8
15. Qe2 a5 16. Bc5 Bf8 17. Qe3 Bxc5 18. Qxc5 Ba6 19. Rfe1 Ne8 20. f4 exf4 21.
e5 Rxd1 22. Rxd1 Qa7 23. Ne4 Qxc5+ 24. Nxc5 Ra7 25. Rd8 Kf8 26. Nxa6 Rxa6 27.
Rd7 Kg7 28. Rxf7+ Kh6 29. Rxf4 Ra7 30. Rf8 Re7 31. e6 Kg7 32. Rf2 Nc7 33. Re2
c5 34. c4 b4 35. axb4 axb4 36. Re5 Nxe6 37. Ba4 Kf6 38. Rd5 Ra7 39. b3 Rc7 40.
Kf2 Nf4 41. Rd8 Ke5 42. h4 Ke4 43. g3 Nd3+ 44. Ke2 Nc1+ 45. Kd2 Na2 46. Rf8 Nc3
47. Rf4+ Ke5 48. Be8 Ra7 49. h5 g5 50. Rf3 Ra2+ 51. Kd3 Ra3 52. Kc2 Ra2+ 53.
Kc1 Rg2 54. Bc6 Ne2+ 55. Kd1 Nc3+ 56. Kc1 Rxg3 57. Rf7 Ne2+ 58. Kb2 Nd4 59. Ba4
Rg2+ 60. Kb1 Rh2 61. Rxh7 g4 62. Rh8 g3 63. Re8+ Kf4 64. Rf8+ Ke3 65. Re8+ Kd2
66. Bd7 g2 67. Rg8 Rh1+ 68. Kb2 g1=Q 69. Rxg1 Rxg1 70. Be8 Rh1 71. Bg6 Rh2 0-1

[Event "Deutsche Frauen-Einzelmeisterschaft"]
[Site "Hockenheim/Germany"]
[Date "2009.08.29"]
[Round "8.5"]
[White "Berglitz, Regina"]
[Black "Niedermaier, Barbara"]
[Result "1/2-1/2"]
[WhiteElo "2066"]
[BlackElo "1995"]
[PlyCount "67"]
[EventDate "2009.??.??"]
[WhiteTeam "Hamburger SK von 1830 eV"]
[BlackTeam "SC Uttenreuth"]

1. e4 c5 2. c3 b6 3. d4 Bb7 4. Nd2 e6 5. Ngf3 d5 6. e5 Nc6 7. Bd3 Nge7 8. O-O
Ng6 9. Re1 Be7 10. a3 O-O 11. Nf1 Rc8 12. b4 c4 13. Bb1 b5 14. Ng3 a5 15. Bd2
axb4 16. axb4 Ra8 17. Bc2 Qb6 18. Rxa8 Rxa8 19. Ng5 Bxg5 20. Bxg5 Ra3 21. Bd2
Qa7 22. f4 Nce7 23. f5 exf5 24. Nxf5 Nxf5 25. Bxf5 Ne7 26. Bc2 Bc8 27. Rf1 Ng6
28. Qe1 Be6 29. h4 Ra2 30. Bb1 Rb2 31. Bg5 h6 32. Be3 Bg4 33. Qg3 Qd7 34. Bxg6
1/2-1/2

[Event "Deutsche Frauen-Einzelmeisterschaft"]
[Site "Hockenheim/Germany"]
[Date "2009.08.29"]
[Round "8.6"]
[White "Willrodt, Sonja"]
[Black "Nuber, Helene"]
[Result "0-1"]
[WhiteElo "1870"]
[BlackElo "2073"]
[PlyCount "60"]
[EventDate "2009.??.??"]
[WhiteTeam "SK Doppelbauer Kiel"]
[BlackTeam "SC Dillingen"]

1. d4 e6 2. e4 d5 3. e5 c5 4. c3 Qb6 5. Nf3 Nc6 6. Be2 Nh6 7. Qb3 Nf5 8. Qxb6
axb6 9. Be3 Be7 10. O-O Bd7 11. Na3 cxd4 12. Bxd4 Nfxd4 13. cxd4 Bxa3 14. bxa3
Kd8 15. Rfb1 Rxa3 16. Rxb6 Kc7 17. Rb3 Rha8 18. Rab1 R8a7 19. Rxa3 Rxa3 20. Rb2
h6 21. Bb5 Rc3 22. Kf1 Na5 23. Bxd7 Kxd7 24. Ke2 Kc6 25. Ne1 Nc4 26. Rc2 Rxc2+
27. Nxc2 Kb5 28. f4 Nb2 29. Ne3 Kb4 30. g4 Kc3 0-1

[Event "Deutsche Frauen-Einzelmeisterschaft"]
[Site "Hockenheim/Germany"]
[Date "2009.08.29"]
[Round "8.7"]
[White "Banisch, Anett"]
[Black "Kickert, Germaine Helene"]
[Result "1/2-1/2"]
[WhiteElo "2061"]
[BlackElo "1943"]
[PlyCount "73"]
[EventDate "2009.??.??"]
[WhiteTeam "SV Sangerhausen e. V."]
[BlackTeam "SK Jever"]

1. e4 c5 2. f4 d5 3. Bb5+ Bd7 4. Bxd7+ Qxd7 5. exd5 Nf6 6. Nc3 Nxd5 7. Nxd5
Qxd5 8. Qf3 Qd7 9. Ne2 Nc6 10. a3 e6 11. d3 Be7 12. Bd2 Rc8 13. O-O Nd4 14.
Nxd4 cxd4 15. c4 dxc3 16. bxc3 Bf6 17. Rab1 b6 18. d4 O-O 19. Qd3 Qa4 20. g4 g6
21. f5 exf5 22. gxf5 Qxa3 23. Ra1 Qe7 24. Bh6 Rfd8 25. fxg6 fxg6 26. Rxa7 Qxa7
27. Rxf6 Qa1+ 28. Kg2 Qa2+ 29. Kg1 Kh8 30. Rf3 Re8 31. Bd2 Qa1+ 32. Rf1 Qa5 33.
c4 Qh5 34. Bf4 Qg4+ 35. Kh1 Qe6 36. Be5+ Kg8 37. Rf6 1/2-1/2

[Event "Deutsche Frauen-Einzelmeisterschaft"]
[Site "Hockenheim/Germany"]
[Date "2009.08.29"]
[Round "8.8"]
[White "Stitterich, Nadine"]
[Black "Hielscher, Ursula"]
[Result "1-0"]
[WhiteElo "1929"]
[BlackElo "1878"]
[PlyCount "161"]
[EventDate "2009.??.??"]
[WhiteTeam "SV Stuttgart-Wolfbusch 1956 e.V."]
[BlackTeam "SK Doppelbauer Kiel"]

1. e4 d6 2. d4 Nf6 3. Nc3 g6 4. f4 e6 5. Nf3 Bg7 6. Be2 b6 7. O-O Bb7 8. Bd3
Nc6 9. e5 Nd7 10. Ne4 d5 11. Nf2 Nb4 12. Be2 Ba6 13. c3 Bxe2 14. Qxe2 Nc6 15.
b3 O-O 16. c4 Ne7 17. Ba3 c5 18. cxd5 Nxd5 19. g3 Re8 20. Ne4 Rc8 21. Nd6 cxd4
22. Nxc8 Qxc8 23. Nxd4 Qa8 24. Rac1 a6 25. Rfd1 b5 26. Qf2 b4 27. Bb2 Bf8 28.
Nf3 Rc8 29. Bd4 Qb7 30. h3 Nc3 31. Bxc3 bxc3 32. Kg2 Nc5 33. Rc2 Ne4 34. Qe2
Nd2 35. Rdxd2 cxd2 36. Qxd2 Rb8 37. Qd3 Be7 38. Kh2 Rd8 39. Qe2 Bb4 40. Nd2
Bxd2 41. Rxd2 Rxd2 42. Qxd2 Qb6 43. b4 Qc6 44. a3 Qf3 45. Qb2 Qd1 46. h4 Qa4
47. Kg2 Qc6+ 48. Kf2 Qb6+ 49. Kf3 Qc6+ 50. Ke3 Qh1 51. Qc3 Qg1+ 52. Kd2 Qf2+
53. Kc1 Qg1+ 54. Kb2 Qg2+ 55. Kb3 Qd5+ 56. Kb2 Qg2+ 57. Ka1 Qf1+ 58. Kb2 Qe2+
59. Kc1 Qf1+ 60. Kc2 Qe2+ 61. Qd2 Qf3 62. Qd3 Qg2+ 63. Kb3 Qc6 64. a4 Qb6 65.
b5 axb5 66. axb5 Kg7 67. Kb4 Qf2 68. Qc3 Qg2 69. b6 Qe4+ 70. Kb5 Qd5+ 71. Qc5
Qd7+ 72. Ka6 Qa4+ 73. Qa5 Qc4+ 74. Ka7 Qd4 75. Ka6 Qd3+ 76. Qb5 Qa3+ 77. Kb7
Qe7+ 78. Kc8 Qf8+ 79. Kd7 Qa8 80. b7 Qb8 81. Qb6 1-0

[Event "Deutsche Frauen-Einzelmeisterschaft"]
[Site "Hockenheim/Germany"]
[Date "2009.08.29"]
[Round "8.9"]
[White "Franzenburg, Maria"]
[Black "Kluge, Heidemarie"]
[Result "1/2-1/2"]
[WhiteElo "1803"]
[BlackElo "1952"]
[PlyCount "87"]
[EventDate "2009.??.??"]
[WhiteTeam "SK Doppelbauer Kiel"]
[BlackTeam "Spielgemeinschaft Schachfreunde"]

1. e4 e6 2. d4 d5 3. exd5 exd5 4. c4 Nf6 5. Nf3 Bf5 6. Ne5 c6 7. Be2 Bd6 8. f4
Ne4 9. Qb3 b6 10. O-O Bxe5 11. fxe5 Be6 12. Be3 O-O 13. Na3 f6 14. cxd5 Bxd5
15. Bc4 Re8 16. Bxd5+ Qxd5 17. Qxd5+ cxd5 18. Nb5 Na6 19. Bf4 g5 20. Bg3 Nxg3
21. hxg3 fxe5 22. Rf5 exd4 23. Rxg5+ Kh8 24. Rxd5 Nb4 25. Rd7 Rad8 26. Rxd4
Rxd4 27. Nxd4 Rd8 28. Nf3 Kg7 29. a3 Nd5 30. Rd1 Kf6 31. Rd4 h6 32. Kf2 Ke6 33.
Rh4 Rh8 34. g4 Nf4 35. g5 Nd3+ 36. Ke3 Nxb2 37. Rxh6+ Rxh6 38. gxh6 Kf6 39. h7
Kg7 40. h8=Q+ Kxh8 41. Nd2 b5 42. Kd4 a5 43. Kc3 Na4+ 44. Kb3 1/2-1/2

[Event "Deutsche Frauen-Einzelmeisterschaft"]
[Site "Hockenheim/Germany"]
[Date "2009.08.29"]
[Round "8.10"]
[White "Birkholz, Mary"]
[Black "Noll, Sonja"]
[Result "1-0"]
[WhiteElo "1976"]
[BlackElo "1963"]
[PlyCount "101"]
[EventDate "2009.??.??"]
[WhiteTeam "TS Bayreuth"]
[BlackTeam "Saarbrücker Gambit 89 e.V."]

1. e4 Nf6 2. e5 Nd5 3. d4 c5 4. c4 Nc7 5. d5 d6 6. Nf3 Bg4 7. exd6 exd6 8. Bd3
Qf6 9. Nbd2 Qe7+ 10. Be2 g6 11. O-O Bg7 12. Re1 O-O 13. Bd3 Qd7 14. Qc2 Nba6
15. a3 Rae8 16. h3 Bxf3 17. Nxf3 Rxe1+ 18. Nxe1 Re8 19. Be3 Nb8 20. Nf3 Qd8 21.
Rb1 Nd7 22. b4 b5 23. bxc5 Nxc5 24. cxb5 Nxd5 25. Bxc5 dxc5 26. Qxc5 Nc3 27.
Rb4 Qxd3 28. Qxa7 Ne2+ 29. Kh2 Bf8 30. Ne1 Bd6+ 31. g3 Bxg3+ 32. Kg2 Qd5+ 33.
Nf3 Bd6 34. Qd7 Qe6 35. Qxe6 Rxe6 36. Rb3 Bc5 37. a4 Nd4 38. Nxd4 Bxd4 39. a5
Re5 40. f4 Re3 41. Rxe3 Bxe3 42. Kf3 Bg1 43. Ke4 Kf8 44. Kd5 Ke7 45. Kc6 Kd8
46. Kb7 f5 47. a6 g5 48. b6 gxf4 49. a7 f3 50. a8=Q+ Ke7 51. Qa3+ 1-0

[Event "Deutsche Frauen-Einzelmeisterschaft"]
[Site "Hockenheim/Germany"]
[Date "2009.08.29"]
[Round "8.11"]
[White "Gottschall, Ina"]
[Black "Kohls, Vera"]
[Result "1-0"]
[WhiteElo "1693"]
[BlackElo "1904"]
[PlyCount "99"]
[EventDate "2009.??.??"]
[WhiteTeam "USV TU Dresden"]
[BlackTeam "Delmenhorster SK V 1931"]

1. g3 Nf6 2. Bg2 d5 3. d4 e6 4. Nf3 Be7 5. O-O O-O 6. Nc3 c5 7. dxc5 Bxc5 8.
Ne5 Nc6 9. Nd3 Be7 10. Bf4 a6 11. e3 Nd7 12. a4 e5 13. Nxe5 Ndxe5 14. Nxd5 Be6
15. Nxe7+ Qxe7 16. h4 Rad8 17. Qc1 Rd7 18. Rd1 Rfd8 19. Rxd7 Rxd7 20. b3 Bg4
21. Qb2 Qf6 22. Kf1 Qd6 23. f3 Be6 24. e4 f6 25. Qc3 Qd4 26. Qe1 Rd8 27. Be3
Qd7 28. Bb6 Re8 29. Rd1 Qc8 30. Rd6 Bh3 31. Kf2 Bxg2 32. Kxg2 Nf7 33. Rd2 h6
34. f4 Qe6 35. Kf3 f5 36. e5 Ncxe5+ 37. fxe5 Qxb6 38. Re2 Qb4 39. Qxb4 Nxe5+
40. Rxe5 Rxe5 41. Qxb7 Re6 42. c4 Kh7 43. c5 Kg6 44. c6 Rd6 45. c7 Rd3+ 46. Ke2
Rxg3 47. c8=Q a5 48. Qe8+ Kh7 49. Qbf7 Rg4 50. Qeg8# 1-0

[Event "Deutsche Frauen-Einzelmeisterschaft"]
[Site "Hockenheim/Germany"]
[Date "2009.08.30"]
[Round "9.1"]
[White "Von Herman, Brigitte"]
[Black "Zilberman, Polina"]
[Result "1/2-1/2"]
[WhiteElo "2104"]
[BlackElo "2191"]
[PlyCount "25"]
[EventDate "2009.??.??"]
[WhiteTeam "SK König Tegel 1949 e.V."]
[BlackTeam "SK 1879 HD-Handschuhsheim"]

1. e4 e5 2. Nf3 d6 3. Bc4 Nd7 4. c3 Be7 5. Qb3 Nc5 6. Qc2 Nf6 7. d3 c6 8. b4
Ne6 9. Nbd2 Nf4 10. O-O O-O 11. Re1 a5 12. b5 Qd7 13. bxc6 1/2-1/2

[Event "Deutsche Frauen-Einzelmeisterschaft"]
[Site "Hockenheim/Germany"]
[Date "2009.08.30"]
[Round "9.2"]
[White "Vidonyak, Nellya"]
[Black "Leveikina, Jevgenija"]
[Result "0-1"]
[WhiteElo "2187"]
[BlackElo "2042"]
[PlyCount "64"]
[EventDate "2009.??.??"]
[WhiteTeam "SV Hockenheim"]
[BlackTeam "Schachklub Herne-Sodingen 1924"]

1. d4 d5 2. Nf3 Nf6 3. c4 e6 4. Nc3 c6 5. e3 Be7 6. Bd3 Nbd7 7. O-O O-O 8. e4
dxe4 9. Nxe4 b6 10. Qc2 Bb7 11. Be3 c5 12. Rad1 Qc7 13. Bg5 cxd4 14. Nxf6+ gxf6
15. Bh6 f5 16. Nxd4 Rfd8 17. Rfe1 Bf6 18. Bxf5 exf5 19. Qxf5 Qc5 20. Qg4+ Kh8
21. g3 Qxc4 22. Be3 Qd5 23. f3 Rg8 24. Qh3 Ne5 25. Qh6 Rg6 26. Qh3 Rd8 27. b3
Nxf3+ 28. Nxf3 Qxf3 29. Rxd8+ Bxd8 30. Bf4 Qxf4 31. Re8+ Kg7 32. Qd7 Qf3 0-1

[Event "Deutsche Frauen-Einzelmeisterschaft"]
[Site "Hockenheim/Germany"]
[Date "2009.08.30"]
[Round "9.3"]
[White "Germann, Heike"]
[Black "Erben, Larissa"]
[Result "1/2-1/2"]
[WhiteElo "2077"]
[BlackElo "2073"]
[PlyCount "85"]
[EventDate "2009.??.??"]
[WhiteTeam "SV Marzahna 57 e.V."]
[BlackTeam "SV Stuttgart-Wolfbusch 1956 e.V."]

1. d4 d5 2. c4 e6 3. Nf3 c6 4. e3 Nf6 5. Nbd2 Nbd7 6. b3 Bd6 7. Bd3 e5 8. dxe5
Nxe5 9. Be2 Bf5 10. O-O Nd3 11. Nd4 Bg6 12. N2f3 dxc4 13. bxc4 Nxc1 14. Rxc1
Ba3 15. Rc3 Bc5 16. Rb3 Qc7 17. h3 O-O 18. Bd3 Rfd8 19. Bxg6 hxg6 20. Qc2 Nd7
21. Rd1 Be7 22. Rbb1 Nc5 23. Nb3 Rxd1+ 24. Rxd1 Rd8 25. Nxc5 Bxc5 26. g3 Kf8
27. Kg2 Rxd1 28. Qxd1 b5 29. cxb5 cxb5 30. Qd5 Qd6 31. Qe4 f5 32. Qa8+ Ke7 33.
Qb7+ Qd7 34. Qb8 Qc6 35. Qg8 Kf6 36. Qd8+ Kf7 37. h4 a6 38. Qg5 Qe4 39. h5 gxh5
40. Qxh5+ Kf6 41. Qg5+ Kf7 42. Qh5+ Kf6 43. Qg5+ 1/2-1/2

[Event "Deutsche Frauen-Einzelmeisterschaft"]
[Site "Hockenheim/Germany"]
[Date "2009.08.30"]
[Round "9.4"]
[White "Kopylova, Ljubov"]
[Black "Stitterich, Nadine"]
[Result "1-0"]
[WhiteElo "2196"]
[BlackElo "1929"]
[PlyCount "91"]
[EventDate "2009.??.??"]
[WhiteTeam "SK Doppelbauer Kiel"]
[BlackTeam "SV Stuttgart-Wolfbusch 1956 e.V."]

1. d4 Nf6 2. c4 g6 3. Nc3 Bg7 4. e4 d6 5. f3 O-O 6. Be3 Nc6 7. Qd2 a6 8. Nge2
Rb8 9. g4 b5 10. cxb5 axb5 11. Bh6 e5 12. Bxg7 Kxg7 13. d5 Na5 14. Ng3 b4 15.
Nd1 Rh8 16. Ne3 c5 17. dxc6 Nxc6 18. Bc4 Nd4 19. O-O Qb6 20. Kh1 Be6 21. Nef5+
Bxf5 22. Nxf5+ Nxf5 23. gxf5 Nh5 24. Qg5 f6 25. Qg4 Qc7 26. Rac1 Nf4 27. Bb3
Qd7 28. Rfd1 g5 29. Rd2 Rhd8 30. Be6 h5 31. Qg1 Qe7 32. Rdc2 Rb7 33. Bb3 Kh6
34. h4 Nd3 35. hxg5+ fxg5 36. Rh2 Nf4 37. Rcc2 Rc7 38. Qc1 Rdc8 39. Bc4 Rc5 40.
b3 Qc7 41. Qd2 Qb6 42. Rc1 Rb8 43. Rd1 Rd8 44. Rg1 Qb7 45. Rxh5+ Kg7 46. Rhxg5+
1-0

[Event "Deutsche Frauen-Einzelmeisterschaft"]
[Site "Hockenheim/Germany"]
[Date "2009.08.30"]
[Round "9.5"]
[White "Nuber, Helene"]
[Black "Berglitz, Regina"]
[Result "1/2-1/2"]
[WhiteElo "2073"]
[BlackElo "2066"]
[PlyCount "40"]
[EventDate "2009.??.??"]
[WhiteTeam "SC Dillingen"]
[BlackTeam "Hamburger SK von 1830 eV"]

1. e4 d5 2. exd5 Qxd5 3. Nc3 Qd6 4. d4 Nf6 5. Nf3 Bg4 6. Be3 c6 7. g3 e6 8. Bg2
Be7 9. Qd2 Nd5 10. Ne4 Qc7 11. Ne5 Bh5 12. g4 Bg6 13. O-O-O Nd7 14. Nxd7 Qxd7
15. Bg5 O-O-O 16. Bxe7 Qxe7 17. Qa5 Kb8 18. h4 h5 19. g5 Nf4 20. Bf3 Qc7
1/2-1/2

[Event "Deutsche Frauen-Einzelmeisterschaft"]
[Site "Hockenheim/Germany"]
[Date "2009.08.30"]
[Round "9.6"]
[White "Niedermaier, Barbara"]
[Black "Banisch, Anett"]
[Result "0-1"]
[WhiteElo "1995"]
[BlackElo "2061"]
[PlyCount "104"]
[EventDate "2009.??.??"]
[WhiteTeam "SC Uttenreuth"]
[BlackTeam "SV Sangerhausen e. V."]

1. e4 e6 2. c4 b6 3. d4 Nf6 4. Bg5 Bb4+ 5. Nc3 h6 6. Bd2 Bxc3 7. Bxc3 Nxe4 8.
Bb4 Bb7 9. d5 c5 10. Qg4 Qf6 11. Qxe4 cxb4 12. Rb1 Na6 13. Be2 Nc5 14. Qe3 Qg6
15. Rd1 Qxg2 16. Bf3 Qg5 17. Qe2 O-O-O 18. h4 Qf6 19. Qd2 exd5 20. Qxb4 dxc4
21. Bxb7+ Kxb7 22. Qxc4 Rhe8+ 23. Kf1 Ne4 24. Qd5+ Qc6 25. Rh3 Qxd5 26. Rxd5
Nf6 27. Rd2 Rc8 28. Rhd3 d5 29. Nf3 Re4 30. Kg2 Nh5 31. Re3 f5 32. Nd4 g6 33.
Nb5 Rc6 34. Nd4 Rc4 35. Rxe4 fxe4 36. Ne6 Nf6 37. Nd8+ Kc7 38. Nf7 h5 39. Ne5
b5 40. Nxc4 bxc4 41. Kg3 e3 42. Rc2 Ne4+ 43. Kg2 exf2 44. Re2 Kd6 45. Re3 Kc5
46. Ra3 d4 47. Rxa7 d3 48. Rc7+ Kd5 49. Rd7+ Kc6 50. Rd8 d2 51. Rd4 Kc5 52. Rd7
Nd6 0-1

[Event "Deutsche Frauen-Einzelmeisterschaft"]
[Site "Hockenheim/Germany"]
[Date "2009.08.30"]
[Round "9.7"]
[White "Kickert, Germaine Helene"]
[Black "Birkholz, Mary"]
[Result "1-0"]
[WhiteElo "1943"]
[BlackElo "1976"]
[PlyCount "65"]
[EventDate "2009.??.??"]
[WhiteTeam "SK Jever"]
[BlackTeam "TS Bayreuth"]

1. e4 e5 2. Nf3 Nc6 3. d4 exd4 4. Nxd4 Nxd4 5. Qxd4 d6 6. Nc3 Nf6 7. Bc4 Be7 8.
Bf4 O-O 9. O-O Be6 10. Rad1 Kh8 11. Bxe6 fxe6 12. e5 Ne8 13. Bg3 d5 14. Qg4 Qc8
15. Ne2 c5 16. Nf4 Nc7 17. Rd3 Rf5 18. Rf3 Rg5 19. Qh3 Kg8 20. Bh4 Qd7 21. Bxg5
Bxg5 22. Qg4 Qe7 23. Nh5 Bh6 24. Rg3 Kh8 25. f4 d4 26. Qf3 Nd5 27. f5 Rf8 28.
f6 gxf6 29. exf6 Qd8 30. Qg4 Qd7 31. f7 Ne7 32. Qg8+ Nxg8 33. fxg8=Q+ 1-0

[Event "Deutsche Frauen-Einzelmeisterschaft"]
[Site "Hockenheim/Germany"]
[Date "2009.08.30"]
[Round "9.8"]
[White "Kluge, Heidemarie"]
[Black "Storkebaum, Ulrike"]
[Result "1-0"]
[WhiteElo "1952"]
[BlackElo "1894"]
[PlyCount "123"]
[EventDate "2009.??.??"]
[WhiteTeam "Spielgemeinschaft Schachfreunde"]
[BlackTeam "SV 1920 Hofheim"]

1. d4 Nf6 2. c4 g6 3. Nc3 Bg7 4. e4 d6 5. Bd3 O-O 6. Nge2 Nc6 7. a3 a6 8. O-O
e5 9. d5 Nd4 10. b4 Nh5 11. Nxd4 exd4 12. Ne2 Qh4 13. f3 f5 14. Ra2 fxe4 15.
Bxe4 Be5 16. g3 Qe7 17. Bh6 Rf7 18. Qd3 Bf5 19. Bxf5 gxf5 20. f4 Bg7 21. Bxg7
Nxg7 22. Nxd4 h5 23. Re2 Qf6 24. Rfe1 Kh8 25. Nf3 Rg8 26. Qd4 Qxd4+ 27. Nxd4 h4
28. Kf2 Nh5 29. Re3 Nf6 30. Re7 hxg3+ 31. hxg3 Rxe7 32. Rxe7 Ne4+ 33. Ke1 Nxg3
34. Rxc7 Re8+ 35. Ne6 Nh5 36. Kd2 Rg8 37. Ng5 Rg7 38. Rc8+ Rg8 39. Nf7+ Kg7 40.
Rxg8+ Kxg8 41. Nxd6 Nxf4 42. Nxb7 Ng6 43. Nc5 Ne5 44. Kc3 Kf7 45. Ne6 Ke7 46.
c5 Kd7 47. a4 Ng6 48. Nd4 f4 49. Nf3 Ne7 50. Ne5+ Kc8 51. Kd4 Nf5+ 52. Ke4 Ne3
53. d6 Nc2 54. Nd3 Kd7 55. Kxf4 Nd4 56. Ke4 Ne6 57. Kd5 Nd8 58. Ne5+ Kc8 59. c6
a5 60. b5 Nxc6 61. Kxc6 Kd8 62. d7 1-0

[Event "Deutsche Frauen-Einzelmeisterschaft"]
[Site "Hockenheim/Germany"]
[Date "2009.08.30"]
[Round "9.9"]
[White "Hielscher, Ursula"]
[Black "Willrodt, Sonja"]
[Result "1/2-1/2"]
[WhiteElo "1878"]
[BlackElo "1870"]
[PlyCount "43"]
[EventDate "2009.??.??"]
[WhiteTeam "SK Doppelbauer Kiel"]
[BlackTeam "SK Doppelbauer Kiel"]

1. d4 d5 2. c4 e6 3. Nc3 Nf6 4. Bg5 Be7 5. e3 c6 6. Nf3 Nbd7 7. Bd3 dxc4 8.
Bxc4 Nd5 9. Bxe7 Qxe7 10. O-O Qb4 11. Qb3 Qxb3 12. Bxb3 O-O 13. Ne4 N7f6 14.
Ned2 Bd7 15. Rac1 Rfd8 16. Nc4 Be8 17. Na5 Rab8 18. Ne5 Ne7 19. Bd1 Nfd5 20.
Bf3 f6 21. Nd3 b6 22. Nb3 1/2-1/2